[Event "UT Dallas vs USA Juniors"]
[Site "Richardson USA"]
[Date "2015.03.15"]
[Round "5.3"]
[White "Margvelashvili, Giorgi"]
[Black "Xiong, Jeffery"]
[Result "1/2-1/2"]
[WhiteTitle "GM"]
[BlackTitle "IM"]
[WhiteElo "2531"]
[BlackElo "2473"]
[WhiteTeam "UTD team"]
[BlackTeam "USAJr team"]
[WhiteFideId "13602926"]
[BlackFideId "2047640"]
[EventDate "2015.03.13"]

1. d4 Nf6 2. c4 g6 3. Nc3 d5 4. Bg5 Ne4 5. Bf4 Nxc3 6. bxc3 Bg7 7. e3 O-O 8. Nf3
c5 9. cxd5 cxd4 10. cxd4 Qxd5 11. Be2 Nc6 12. O-O Bf5 13. Qa4 Qd7 14. Bb5 Rfc8
15. Rac1 a6 16. Bxc6 Rxc6 17. Rxc6 Be4 18. Rc4 b5 19. Qb4 bxc4 20. Qxc4 Bd5 21.
Qe2 Rc8 22. Ra1 Qb5 23. Qd2 a5 24. h3 a4 25. a3 Bf8 26. Rc1 Rxc1+ 27. Qxc1 Qb7
28. Qc2 Qc6 29. Qxc6 Bxc6 30. Ne5 Bb5 31. e4 f6 32. Nf3 e6 33. Bc1 Bc6 34. Nd2
Bh6 35. Kf1 Bxd2 36. Bxd2 Bxe4 1/2-1/2

[Event "UT Dallas vs USA Juniors"]
[Site "Richardson USA"]
[Date "2015.03.15"]
[Round "5.4"]
[White "Holt, Conrad"]
[Black "Chandra, Akshat"]
[Result "1-0"]
[WhiteTitle "GM"]
[BlackTitle "IM"]
[WhiteElo "2530"]
[BlackElo "2459"]
[WhiteTeam "UTD team"]
[BlackTeam "USAJr team"]
[WhiteFideId "2034387"]
[BlackFideId "25006711"]
[EventDate "2015.03.13"]

1. d4 Nf6 2. c4 e6 3. Nf3 d5 4. Nc3 c6 5. Bg5 h6 6. Bxf6 Qxf6 7. e3 g6 8. Bd3
Bg7 9. e4 dxe4 10. Nxe4 Qd8 11. c5 O-O 12. O-O Bxd4 13. Nxd4 Qxd4 14. Qe2 Nd7
15. Rad1 Qg7 16. Qe3 h5 17. b4 Nf6 18. Qg5 Nxe4 19. Bxe4 a5 20. Rd8 Rxd8 21.
Qxd8+ Qf8 22. Rd1 Qxd8 23. Rxd8+ Kg7 24. bxa5 f5 25. Bf3 e5 26. h4 Kf6 27. Be2
Rxa5 28. Rxc8 Rxa2 29. Rf8+ Kg7 30. Rf7+ Kh6 31. Bc4 Ra1+ 32. Bf1 Rc1 33. f3
Rxc5 34. Rxb7 g5 35. Rf7 Kg6 36. Rf8 gxh4 37. Bd3 e4 38. fxe4 fxe4 39. Bxe4+ Kg5
40. Kh2 Rc3 41. Bf3 Kg6 42. Rf4 Kg5 43. Re4 Rc5 44. Re6 Rc3 45. Rxc6 Rxc6 46.
Bxc6 h3 47. Kxh3 h4 48. Bf3 1-0

[Event "UT Dallas vs USA Juniors"]
[Site "Richardson USA"]
[Date "2015.03.15"]
[Round "5.5"]
[White "Kadric, Denis"]
[Black "Troff, Kayden W"]
[Result "1/2-1/2"]
[WhiteTitle "IM"]
[BlackTitle "GM"]
[WhiteElo "2500"]
[BlackElo "2532"]
[WhiteTeam "UTD team"]
[BlackTeam "USAJr team"]
[WhiteFideId "14403803"]
[BlackFideId "2047896"]
[EventDate "2015.03.13"]

1. e4 c5 2. Nc3 d6 3. d4 cxd4 4. Qxd4 Bd7 5. Bg5 h6 6. Be3 Nc6 7. Qd2 Nf6 8. f3
g6 9. Nge2 Bg7 10. O-O-O Rc8 11. Kb1 Qa5 12. Nd4 Nxd4 13. Bxd4 Be6 14. a3 Kf8
15. f4 Nd7 16. Be2 Bxd4 17. Qxd4 f6 18. Nb5 Qb6 19. Qxb6 axb6 20. Nd4 Nc5 21.
Nxe6+ Nxe6 22. Bg4 Kf7 23. f5 gxf5 24. exf5 Ng7 25. Rd4 Rc5 26. Rf1 Rhc8 27. c3
Re5 28. Rf2 b5 29. Rdf4 Rc4 30. Kc2 h5 31. Bd1 Kg8 32. g4 hxg4 33. Bxg4 Kh7 34.
Kd3 Kh6 35. h4 d5 36. b3 Rce4 37. Rxe4 Rxe4 38. Rg2 Rf4 39. Ke3 Rf1 40. Kd4
Nxf5+ 41. Bxf5 Rxf5 42. Re2 e5+ 43. Kxd5 Rf3 44. Re4 Rxc3 45. Rb4 Re3 46. Rxb5
f5 47. Rxb7 e4 48. a4 f4 49. a5 f3 50. Rf7 Rxb3 51. Kxe4 Ra3 52. Rxf3 Rxa5 53.
Rf5 Rxf5 1/2-1/2

[Event "UT Dallas vs USA Juniors"]
[Site "Richardson USA"]
[Date "2015.03.17"]
[Round "6.1"]
[White "Troff, Kayden W"]
[Black "Kritz, Leonid"]
[Result "1/2-1/2"]
[WhiteTitle "GM"]
[BlackTitle "GM"]
[WhiteElo "2532"]
[BlackElo "2583"]
[WhiteTeam "USAJr team"]
[BlackTeam "UTD team"]
[WhiteFideId "2047896"]
[BlackFideId "4653530"]
[EventDate "2015.03.13"]

1. d4 e6 2. c4 Nf6 3. Nf3 b6 4. a3 Bb7 5. Bf4 Be7 6. Nc3 Ne4 7. Nxe4 Bxe4 8. Nd2
Bb7 9. e4 d6 10. Bd3 e5 11. Be3 exd4 12. Bxd4 Bf6 13. Bxf6 Qxf6 14. Qc2 Nc6 15.
Nf3 Ne5 16. Nxe5 dxe5 17. O-O c5 18. b4 O-O 19. bxc5 bxc5 20. Rab1 Bc6 21. Qc3
Rfd8 22. Bc2 Rd4 23. Rfd1 Qd6 24. Rxd4 exd4 25. Qg3 Qxg3 26. hxg3 f6 27. f3 Kf7
28. Kf2 Re8 29. g4 Re7 30. Ke2 Rb7 31. Rxb7+ Bxb7 32. Ba4 Ke7 33. Kd3 Kd6 34.
Be8 Bc6 35. Bxc6 Kxc6 36. Ke2 Kd6 37. Kd3 Ke6 38. g3 g6 39. f4 g5 40. a4 Kf7 41.
f5 Ke7 42. e5 fxe5 43. Ke4 Kf6 44. Kd3 1/2-1/2

[Event "UT Dallas vs USA Juniors"]
[Site "Richardson USA"]
[Date "2015.03.17"]
[Round "6.2"]
[White "Sevian, Samuel"]
[Black "Iotov, Valentin"]
[Result "1-0"]
[WhiteTitle "GM"]
[BlackTitle "GM"]
[WhiteElo "2531"]
[BlackElo "2579"]
[WhiteTeam "USAJr team"]
[BlackTeam "UTD team"]
[WhiteFideId "2040506"]
[BlackFideId "2906074"]
[EventDate "2015.03.13"]

1. e4 e6 2. d4 d5 3. Nc3 dxe4 4. Nxe4 Bd7 5. Nf3 Bc6 6. Bd3 Nd7 7. c3 Ngf6 8.
Nxf6+ Nxf6 9. Bf4 Nd5 10. Bg3 Bd6 11. Ne5 Bxe5 12. Bxe5 Qg5 13. Be4 O-O-O 14. h4
Qe7 15. Qe2 f6 16. Bg3 f5 17. Bxd5 Bxd5 18. f3 h6 19. Be5 Rhg8 20. c4 Qb4+ 21.
Qd2 Qxd2+ 22. Kxd2 Bc6 23. Ke3 a5 24. h5 Be8 25. Rag1 Rd7 26. g4 fxg4 27. fxg4
Rf7 28. Rf1 Rgf8 29. Rxf7 Rxf7 30. Rg1 Rf8 31. Rg3 Rf7 32. Rf3 Rxf3+ 33. Kxf3 g6
34. g5 gxh5 35. gxh6 Bg6 36. Kf4 1-0

[Event "UT Dallas vs USA Juniors"]
[Site "Richardson USA"]
[Date "2015.03.17"]
[Round "6.3"]
[White "Yang, Darwin"]
[Black "Margvelashvili, Giorgi"]
[Result "1/2-1/2"]
[WhiteTitle "IM"]
[BlackTitle "GM"]
[WhiteElo "2478"]
[BlackElo "2531"]
[WhiteTeam "USAJr team"]
[BlackTeam "UTD team"]
[WhiteFideId "2029111"]
[BlackFideId "13602926"]
[EventDate "2015.03.13"]

1. d4 Nf6 2. c4 e6 3. Nc3 Bb4 4. e3 O-O 5. Ne2 d5 6. a3 Be7 7. cxd5 exd5 8. Nf4
Re8 9. Bd3 Bd6 10. O-O Bxf4 11. exf4 Nc6 12. Ne2 Ne4 13. Qc2 Bf5 14. Be3 Qd7 15.
Rac1 Nd6 16. Rfd1 Rac8 17. Qc5 Bxd3 18. Rxd3 Ne7 19. b3 a6 20. Ng3 c6 21. f3
Ndf5 22. Nf1 Nxe3 23. Rxe3 Nf5 24. Ree1 Re6 25. Re5 Ree8 26. Kf2 f6 27. Ree1 h5
28. g3 Rxe1 29. Rxe1 1/2-1/2

[Event "UT Dallas vs USA Juniors"]
[Site "Richardson USA"]
[Date "2015.03.17"]
[Round "6.4"]
[White "Xiong, Jeffery"]
[Black "Holt, Conrad"]
[Result "0-1"]
[WhiteTitle "IM"]
[BlackTitle "GM"]
[WhiteElo "2473"]
[BlackElo "2530"]
[WhiteTeam "USAJr team"]
[BlackTeam "UTD team"]
[WhiteFideId "2047640"]
[BlackFideId "2034387"]
[EventDate "2015.03.13"]

1. d4 d5 2. c4 c6 3. Nf3 Nf6 4. e3 e6 5. Bd3 dxc4 6. Bxc4 Nbd7 7. O-O Bd6 8. b3
e5 9. Bb2 e4 10. Ne5 O-O 11. f4 Nb6 12. Nc3 Nbd5 13. Bxd5 Nxd5 14. Nc4 Bc7 15.
Qe2 Re8 16. Kh1 Qh4 17. Ne5 f6 18. Nc4 Bg4 19. Qd2 Rad8 20. Nxd5 Rxd5 21. Qf2
Qh6 22. Rac1 Rh5 23. Qg3 Be6 24. Nd2 Rh4 25. Nb1 Rg4 26. Qf2 g5 27. d5 Bxd5 28.
Nc3 Bf7 29. Qe2 Rh4 30. g3 Rh3 31. Qg2 g4 32. Rfd1 Bb6 33. Rd7 f5 34. Nd1 Rd8
35. Rxd8+ Bxd8 36. Nf2 Rh5 37. Rd1 Bd5 38. Rd2 Ba5 39. Nd1 Bxd2 40. Qxd2 Kf7 41.
Kg1 Qf8 42. Qd4 Rh6 43. Nc3 Be6 44. Ne2 c5 45. Qe5 b6 46. Kf1 Rg6 47. Ke1 Qd8
48. Nc3 Qd7 49. Qh8 Rg8 50. Qe5 Ke7 51. Ne2 Qd6 52. Qf6+ Kd7 53. b4 Qe7 54. Qe5
Rc8 55. Nc3 Qd6 56. Qg7+ Qe7 57. Qe5 cxb4 58. Nd5 Rc5 59. Nxe7 Rxe5 60. fxe5
Kxe7 61. a3 bxa3 62. Bxa3+ Kd7 63. Kd2 Kc6 64. Kc3 a5 65. Be7 b5 66. Kd4 0-1

[Event "UT Dallas vs USA Juniors"]
[Site "Richardson USA"]
[Date "2015.03.17"]
[Round "6.5"]
[White "Chandra, Akshat"]
[Black "Kadric, Denis"]
[Result "0-1"]
[WhiteTitle "IM"]
[BlackTitle "IM"]
[WhiteElo "2459"]
[BlackElo "2500"]
[WhiteTeam "USAJr team"]
[BlackTeam "UTD team"]
[WhiteFideId "25006711"]
[BlackFideId "14403803"]
[EventDate "2015.03.13"]

1. e4 c5 2. Nf3 d6 3. Bb5+ Nd7 4. O-O a6 5. Bd3 Ngf6 6. Re1 b5 7. c4 Ne5 8. Bf1
b4 9. a3 bxa3 10. Rxa3 Nxf3+ 11. Qxf3 e5 12. d3 Be7 13. Bd2 Rb8 14. Bc3 O-O 15.
Nd2 Ne8 16. Qd1 g6 17. Be2 h5 18. Nf1 Bg5 19. Ne3 Nc7 20. Nc2 Ne6 21. b4 Nd4 22.
bxc5 dxc5 23. Ne3 Qd6 24. Nd5 Be6 25. Bf1 Rb7 26. Qa4 Ra8 27. Rea1 h4 28. h3 Kh7
29. Qd1 Bd8 30. R1a2 Bxd5 31. exd5 f5 32. Qa1 a5 33. Rb2 Rb4 34. Qc1 Rab8 35.
Raa2 Bc7 36. Qg5 e4 37. Qxh4+ Kg8 38. Qg3 Qxg3 39. fxg3 Rxb2 40. Bxb2 Bxg3 41.
dxe4 fxe4 42. Bxd4 cxd4 43. c5 d3 44. d6 Kf7 45. Rxa5 Rb1 46. Ra7+ Ke6 47. Re7+
Kf6 48. c6 d2 0-1

[Event "UT Dallas vs USA Juniors"]
[Site "Richardson USA"]
[Date "2015.03.17"]
[Round "7.1"]
[White "Kritz, Leonid"]
[Black "Chandra, Akshat"]
[Result "1-0"]
[WhiteTitle "GM"]
[BlackTitle "IM"]
[WhiteElo "2583"]
[BlackElo "2459"]
[WhiteTeam "UTD team"]
[BlackTeam "USAJr team"]
[WhiteFideId "4653530"]
[BlackFideId "25006711"]
[EventDate "2015.03.13"]

1. e4 c5 2. Nf3 e6 3. d4 cxd4 4. Nxd4 Nc6 5. Nb5 d6 6. c4 Nf6 7. N1c3 a6 8. Na3
Be7 9. Be2 O-O 10. Be3 Qc7 11. Rc1 Nb8 12. g4 b6 13. f4 Bb7 14. Bf3 Nfd7 15. g5
f5 16. exf5 Rxf5 17. O-O Nf8 18. Nc2 Nbd7 19. Nd4 Rf7 20. Bg4 Re8 21. Nxe6 Qxc4
22. b3 Qc6 23. Bf3 Qc8 24. Nd5 Qb8 25. Nec7 Rc8 26. Nxe7+ Rxe7 27. Bxb7 Rxc7 28.
Qxd6 Qxb7 29. Rxc7 Qe4 30. Rc3 Qf5 1-0

[Event "UT Dallas vs USA Juniors"]
[Site "Richardson USA"]
[Date "2015.03.17"]
[Round "7.2"]
[White "Iotov, Valentin"]
[Black "Troff, Kayden W"]
[Result "0-1"]
[WhiteTitle "GM"]
[BlackTitle "GM"]
[WhiteElo "2579"]
[BlackElo "2532"]
[WhiteTeam "UTD team"]
[BlackTeam "USAJr team"]
[WhiteFideId "2906074"]
[BlackFideId "2047896"]
[EventDate "2015.03.13"]

1. d4 Nf6 2. Bg5 e6 3. Nd2 h6 4. Bh4 c5 5. e3 b6 6. Ngf3 Bb7 7. Bd3 Be7 8. O-O
d6 9. c3 O-O 10. a4 Nc6 11. Nc4 Na5 12. Nxa5 bxa5 13. dxc5 dxc5 14. Bxf6 Bxf6
15. e4 c4 16. Bc2 Qxd1 17. Rfxd1 Rab8 18. Rab1 Rfc8 19. Rd7 Kf8 20. e5 Be7 21.
Nd2 Ke8 22. Rd4 Bd5 23. Be4 Bc5 24. Rxd5 exd5 25. Bxd5 Be7 26. Bxc4 Rc5 27. Bb5+
Kf8 28. f4 f6 29. e6 Rd5 30. Nc4 Rc5 31. Nd2 Rd5 32. Nc4 Rc5 33. Ne3 Rb6 34. Bc4
g5 35. g3 gxf4 36. gxf4 Bd6 37. b3 Bxf4 38. Nd5 Rb7 39. e7+ Ke8 40. Rd1 Rxd5 41.
Rxd5 Rxe7 42. Rxa5 Rg7+ 43. Kf2 Bxh2 44. Rd5 Bg3+ 45. Kf3 Bc7 46. Rh5 Rg3+ 47.
Ke4 Rg4+ 0-1

[Event "UT Dallas vs USA Juniors"]
[Site "Richardson USA"]
[Date "2015.03.17"]
[Round "7.3"]
[White "Margvelashvili, Giorgi"]
[Black "Sevian, Samuel"]
[Result "1/2-1/2"]
[WhiteTitle "GM"]
[BlackTitle "GM"]
[WhiteElo "2531"]
[BlackElo "2531"]
[WhiteTeam "UTD team"]
[BlackTeam "USAJr team"]
[WhiteFideId "13602926"]
[BlackFideId "2040506"]
[EventDate "2015.03.13"]

1. Nf3 d5 2. g3 c6 3. Bg2 Bg4 4. O-O Nd7 5. d4 Ngf6 6. Nbd2 e6 7. Re1 Be7 8. e4
O-O 9. c3 dxe4 10. Nxe4 Nxe4 11. Rxe4 Nf6 12. Re1 a5 13. Qb3 Bxf3 14. Bxf3 Qd7
15. a4 1/2-1/2

[Event "UT Dallas vs USA Juniors"]
[Site "Richardson USA"]
[Date "2015.03.17"]
[Round "7.4"]
[White "Holt, Conrad"]
[Black "Yang, Darwin"]
[Result "0-1"]
[WhiteTitle "GM"]
[BlackTitle "IM"]
[WhiteElo "2530"]
[BlackElo "2478"]
[WhiteTeam "UTD team"]
[BlackTeam "USAJr team"]
[WhiteFideId "2034387"]
[BlackFideId "2029111"]
[EventDate "2015.03.13"]

1. d4 d5 2. c4 e6 3. Nc3 Nf6 4. Nf3 c6 5. Bg5 h6 6. Bxf6 Qxf6 7. e3 g6 8. Bd3
Bg7 9. e4 dxe4 10. Nxe4 Qd8 11. c5 O-O 12. O-O Bxd4 13. Nxd4 Qxd4 14. Qe2 Nd7
15. Rad1 Qg7 16. Qe3 Kh7 17. Nd6 Nf6 18. Bc4 Nd5 19. Qc1 Rb8 20. Rfe1 Bd7 21. h4
Qf6 22. h5 g5 23. Rd3 Qg7 24. Ra3 a6 25. Rb3 b5 26. cxb6 Nxb6 27. Bxa6 Nd5 28.
Bb7 Kg8 29. a4 Qd4 30. a5 Qa4 31. Rg3 Qxa5 32. Re5 f6 33. Qc2 f5 34. Rb3 Qa1+
35. Kh2 Qa5 36. g3 Qc7 37. Qc5 f4 38. Kg1 Rf6 39. Re1 fxg3 40. fxg3 g4 41. Re5
Kh8 42. Kh2 Kg8 43. Re1 e5 44. Ne4 Rf3 45. Rxf3 gxf3 46. Nd6 Rxb7 47. Nxb7 Qxb7
48. Qf2 Nf6 49. Qxf3 Ng4+ 50. Kg2 Be6 51. Qe2 Qf7 52. Ra1 Bd5+ 53. Kg1 Qxh5 54.
Ra8+ Kg7 55. Ra7+ Kf6 56. Qf1+ Ke6 0-1

[Event "UT Dallas vs USA Juniors"]
[Site "Richardson USA"]
[Date "2015.03.17"]
[Round "7.5"]
[White "Kadric, Denis"]
[Black "Xiong, Jeffery"]
[Result "0-1"]
[WhiteTitle "IM"]
[BlackTitle "IM"]
[WhiteElo "2500"]
[BlackElo "2473"]
[WhiteTeam "UTD team"]
[BlackTeam "USAJr team"]
[WhiteFideId "14403803"]
[BlackFideId "2047640"]
[EventDate "2015.03.13"]

1. e4 c5 2. Nc3 d6 3. f4 Nc6 4. Nf3 g6 5. Bb5 Bg7 6. O-O Bd7 7. Bc4 Na5 8. Be2
Nc6 9. Bc4 Na5 10. Be2 Nc6 11. Qe1 Nd4 12. Bd1 Bc6 13. d3 e6 14. Nxd4 cxd4 15.
Ne2 Ne7 16. Qf2 Qb6 17. a4 f5 18. a5 Qc5 19. Ng3 O-O 20. Qe1 Rfe8 21. Bd2 Bd7
22. Rc1 Rac8 23. Kh1 Qb5 24. b4 b6 25. axb6 axb6 26. Ra1 Rc7 27. Qf2 Kf8 28.
exf5 exf5 29. Ne2 Qd5 30. Ng1 Qf7 31. Nf3 Qf6 32. Re1 h6 33. Qg3 Nd5 34. Nh4
Rxe1+ 35. Bxe1 g5 36. Ra8+ Rc8 37. Rxc8+ Bxc8 38. fxg5 hxg5 39. Nf3 g4 40. Nd2
Nc3 0-1

[Event "UT Dallas vs USA Juniors"]
[Site "Richardson USA"]
[Date "2015.03.18"]
[Round "8.1"]
[White "Xiong, Jeffery"]
[Black "Kritz, Leonid"]
[Result "1/2-1/2"]
[WhiteTitle "IM"]
[BlackTitle "GM"]
[WhiteElo "2473"]
[BlackElo "2583"]
[WhiteTeam "USAJr team"]
[BlackTeam "UTD team"]
[WhiteFideId "2047640"]
[BlackFideId "4653530"]
[EventDate "2015.03.13"]

1. e4 e5 2. Nf3 Nc6 3. d4 exd4 4. Nxd4 Bb4+ 5. c3 Bc5 6. Nxc6 bxc6 7. Bd3 Qh4 8.
Qf3 d6 9. Be3 Bb6 10. Nd2 Ne7 11. Nc4 O-O 12. Qg3 Qxg3 13. hxg3 f5 14. e5 Bxe3
15. exd6 cxd6 16. Nxe3 Be6 17. c4 h6 18. f4 c5 19. O-O-O Nc6 20. Rhe1 Rad8 21.
Nd5 Bxd5 22. cxd5 Nd4 23. Re7 a5 24. Rde1 Rf7 25. Re8+ Rxe8 26. Rxe8+ Rf8 27.
Rxf8+ Kxf8 28. Kd2 Ke7 29. Kc3 Kd7 30. a4 Kc7 31. Bc4 h5 32. Kd2 g6 33. Kd3 1/2-1/2

[Event "UT Dallas vs USA Juniors"]
[Site "Richardson USA"]
[Date "2015.03.18"]
[Round "8.2"]
[White "Chandra, Akshat"]
[Black "Iotov, Valentin"]
[Result "1-0"]
[WhiteTitle "IM"]
[BlackTitle "GM"]
[WhiteElo "2459"]
[BlackElo "2579"]
[WhiteTeam "USAJr team"]
[BlackTeam "UTD team"]
[WhiteFideId "25006711"]
[BlackFideId "2906074"]
[EventDate "2015.03.13"]

1. e4 c6 2. d4 d5 3. e5 c5 4. dxc5 Nc6 5. a3 e6 6. Nf3 Bxc5 7. Bd3 f6 8. exf6
Nxf6 9. O-O O-O 10. c4 Qe8 11. Nc3 Qh5 12. Be2 Ne5 13. cxd5 exd5 14. Nxd5 Nfg4
15. h3 Nxf2 16. Rxf2 Bxf2+ 17. Kxf2 Bxh3 18. Nf4 Ng4+ 1-0

[Event "UT Dallas vs USA Juniors"]
[Site "Richardson USA"]
[Date "2015.03.18"]
[Round "8.3"]
[White "Troff, Kayden W"]
[Black "Margvelashvili, Giorgi"]
[Result "0-1"]
[WhiteTitle "GM"]
[BlackTitle "GM"]
[WhiteElo "2532"]
[BlackElo "2531"]
[WhiteTeam "USAJr team"]
[BlackTeam "UTD team"]
[WhiteFideId "2047896"]
[BlackFideId "13602926"]
[EventDate "2015.03.13"]

1. d4 Nf6 2. c4 e6 3. Nf3 Bb4+ 4. Bd2 Bxd2+ 5. Qxd2 d5 6. e3 O-O 7. Nc3 Qe7 8.
cxd5 exd5 9. Bd3 Nbd7 10. O-O c6 11. Qc2 Re8 12. Rae1 Ne4 13. Bxe4 dxe4 14. Nd2
Nf6 15. f3 exf3 16. Nxf3 Bg4 17. Ne5 Bh5 18. Ne2 Bg6 19. Qb3 Rad8 20. Nf4 Be4
21. Qd1 c5 22. Ng4 Nxg4 23. Qxg4 f5 24. Qg3 cxd4 25. exd4 Rxd4 26. Nh5 Rdd8 27.
Qb3+ Qe6 28. Qc3 Qb6+ 29. Kh1 Qd4 30. Qb3+ Bd5 31. Qc2 Rxe1 32. Rxe1 g6 33. Ng3
f4 34. Qc7 Rf8 35. Rf1 Qd2 0-1

[Event "UT Dallas vs USA Juniors"]
[Site "Richardson USA"]
[Date "2015.03.18"]
[Round "8.4"]
[White "Sevian, Samuel"]
[Black "Holt, Conrad"]
[Result "0-1"]
[WhiteTitle "GM"]
[BlackTitle "GM"]
[WhiteElo "2531"]
[BlackElo "2530"]
[WhiteTeam "USAJr team"]
[BlackTeam "UTD team"]
[WhiteFideId "2040506"]
[BlackFideId "2034387"]
[EventDate "2015.03.13"]

1. d4 d5 2. c4 c6 3. Nf3 Nf6 4. e3 e6 5. Nc3 Nbd7 6. Qc2 b6 7. Bd3 Bb7 8. O-O
Be7 9. b3 O-O 10. Bb2 g6 11. Rad1 Qc7 12. e4 dxe4 13. Nxe4 Nxe4 14. Bxe4 f5 15.
Bd3 c5 16. Qe2 Bf6 17. Qxe6+ Kg7 18. Ne5 Rad8 19. Bxf5 gxf5 20. Rd3 Nxe5 21.
dxe5 Bh4 22. Rd6 Qe7 23. Qh6+ Kg8 24. g3 Bg5 25. Qh5 Rxd6 26. exd6 Qd8 27. d7
Bf6 28. Bxf6 Qxf6 29. Rd1 Bc6 30. g4 fxg4 31. Qxg4+ Kh8 32. Qg3 Rd8 33. Qg4 Bf3
34. Qxf3 Qxf3 0-1

[Event "UT Dallas vs USA Juniors"]
[Site "Richardson USA"]
[Date "2015.03.18"]
[Round "8.5"]
[White "Yang, Darwin"]
[Black "Kadric, Denis"]
[Result "1/2-1/2"]
[WhiteTitle "IM"]
[BlackTitle "IM"]
[WhiteElo "2478"]
[BlackElo "2500"]
[WhiteTeam "USAJr team"]
[BlackTeam "UTD team"]
[WhiteFideId "2029111"]
[BlackFideId "14403803"]
[EventDate "2015.03.13"]

1. d4 d6 2. c4 e5 3. Nf3 e4 4. Ng5 f5 5. Nc3 c6 6. Nh3 Be7 7. Qb3 Na6 8. f3 Nf6
9. Nf2 d5 10. cxd5 cxd5 11. Bg5 Nc7 12. e3 O-O 13. Be2 Kh8 14. O-O Bd6 15. f4 h6
16. Bxf6 Rxf6 17. Rac1 g5 18. Nh3 Qg8 19. g3 Bd7 20. Qxb7 Rb8 21. Qxa7 Ra8 1/2-1/2

[Event "UT Dallas vs USA Juniors"]
[Site "Richardson USA"]
[Date "2015.03.18"]
[Round "9.1"]
[White "Kritz, Leonid"]
[Black "Yang, Darwin"]
[Result "0-1"]
[WhiteTitle "GM"]
[BlackTitle "IM"]
[WhiteElo "2583"]
[BlackElo "2478"]
[WhiteTeam "UTD team"]
[BlackTeam "USAJr team"]
[WhiteFideId "4653530"]
[BlackFideId "2029111"]
[EventDate "2015.03.13"]

1. e4 e6 2. d4 d5 3. Nd2 Be7 4. Ngf3 Nf6 5. e5 Nfd7 6. Bd3 c5 7. c3 Nc6 8. O-O
a5 9. Re1 cxd4 10. cxd4 g5 11. h3 h5 12. Nf1 g4 13. hxg4 hxg4 14. N3h2 Nxd4 15.
Qxg4 Bc5 16. Bg5 Qb6 17. Be3 Qxb2 18. Qg7 Rf8 19. Ng4 b6 20. Bh6 Ba6 21. Bxa6
Nf5 22. Qg5 Nxh6 23. Qxh6 Rxa6 24. Qh7 Ra8 25. Ng3 Kd8 26. Ne2 Qb4 27. Qh4+ Kc7
28. Rab1 Qe4 29. Nc3 Rh8 30. Qg3 Qh7 31. Kf1 Rag8 32. Nxd5+ exd5 33. e6+ Kb7 34.
exd7 Qc2 35. d8=N+ Ka6 36. Kg1 Rxg4 0-1

[Event "UT Dallas vs USA Juniors"]
[Site "Richardson USA"]
[Date "2015.03.18"]
[Round "9.2"]
[White "Iotov, Valentin"]
[Black "Xiong, Jeffery"]
[Result "1-0"]
[WhiteTitle "GM"]
[BlackTitle "IM"]
[WhiteElo "2579"]
[BlackElo "2473"]
[WhiteTeam "UTD team"]
[BlackTeam "USAJr team"]
[WhiteFideId "2906074"]
[BlackFideId "2047640"]
[EventDate "2015.03.13"]

1. d4 Nf6 2. Bg5 e6 3. e4 h6 4. Bxf6 Qxf6 5. c3 d5 6. Nd2 c5 7. Ngf3 Nc6 8. Bb5
Bd7 9. O-O cxd4 10. Nxd4 Be7 11. Qa4 e5 12. exd5 exd4 13. Ne4 Qg6 14. Rfe1 O-O
15. dxc6 bxc6 16. Qxd4 Rfd8 17. Bf1 a5 18. Ng3 Be6 19. Qa4 Rd2 20. Qxc6 Rc8 21.
Qb7 Bc5 22. Re2 Rxe2 23. Bxe2 Qc2 24. Rf1 a4 25. Bc4 Qg6 26. b3 Bf8 27. Re1 Re8
28. Qc6 Rc8 29. Qa6 1-0

[Event "UT Dallas vs USA Juniors"]
[Site "Richardson USA"]
[Date "2015.03.18"]
[Round "9.3"]
[White "Margvelashvili, Giorgi"]
[Black "Chandra, Akshat"]
[Result "1/2-1/2"]
[WhiteTitle "GM"]
[BlackTitle "IM"]
[WhiteElo "2531"]
[BlackElo "2459"]
[WhiteTeam "UTD team"]
[BlackTeam "USAJr team"]
[WhiteFideId "13602926"]
[BlackFideId "25006711"]
[EventDate "2015.03.13"]

1. d4 Nf6 2. c4 e6 3. Nc3 Bb4 4. Qc2 O-O 5. Nf3 c5 6. dxc5 Na6 7. g3 Nxc5 8. Bg2
Nce4 9. O-O Nxc3 10. bxc3 Be7 11. e4 d6 12. e5 dxe5 13. Nxe5 Qc7 14. Qe2 Bd6 15.
Re1 Nd7 16. Bf4 Nxe5 17. Bxe5 Bxe5 18. Qxe5 Qxe5 19. Rxe5 Rd8 20. Rb1 Rd7 21.
Reb5 Rb8 22. c5 Rc7 23. c6 b6 24. R5b4 Ba6 25. c4 Rd8 26. Ra4 Bc8 27. c5 bxc5
28. Rc4 Kf8 29. Rxc5 Ke7 1/2-1/2

[Event "UT Dallas vs USA Juniors"]
[Site "Richardson USA"]
[Date "2015.03.18"]
[Round "9.4"]
[White "Holt, Conrad"]
[Black "Troff, Kayden W"]
[Result "0-1"]
[WhiteTitle "GM"]
[BlackTitle "GM"]
[WhiteElo "2530"]
[BlackElo "2532"]
[WhiteTeam "UTD team"]
[BlackTeam "USAJr team"]
[WhiteFideId "2034387"]
[BlackFideId "2047896"]
[EventDate "2015.03.13"]

1. d4 Nf6 2. c4 g6 3. Nc3 d5 4. Nf3 Bg7 5. Qb3 dxc4 6. Qxc4 O-O 7. e4 a6 8. e5
b5 9. Qb3 Nfd7 10. Ng5 Nb6 11. Be3 Nc6 12. Rd1 Na5 13. Qb4 Nbc4 14. b3 c5 15.
Qxc5 Nxe3 16. fxe3 Bg4 17. Rd3 Rc8 18. Qa3 Nc6 19. Qb2 Bh6 20. h3 Nb4 21. hxg4
Nxd3+ 22. Bxd3 Bxg5 23. Rh3 Qd7 24. Ne4 Qxg4 25. Qe2 Rc1+ 26. Kd2 Qc8 27. Rf3
Ra1 28. Bc2 Bh6 29. Rf1 Rxf1 30. Qxf1 Bxe3+ 0-1